000 01123nam0a22002771 4500
001 rc\3531359
005 20250610032602.0
021 _aRU
_b[74-1546ж]
035 _a(NLR Aleph) 007665570
090 _a6378967
_c6378967
100 _a20130115d1974 |||y0rusy50 ca
101 0 _arus
102 _aRU
105 _aab z |||||
200 1 _aВидовой состав и распределение океанического планктона
_e[Сборник статей
_fОтв. ред. д-р биол. наук, проф. К.В. Беклемишев]
210 _aМосква
_cНаука
_d1974
215 _a271 с.
_cил., карт.
_d22
225 1 _aАН СССР. Всесоюзное гидробиологическое общество. Труды
_vТ. 20
320 _aСписки лит. в конце статей
606 _aПланктон морской
_jСборники
_2psbo
702 1 _aБеклемишев
_bК.В.
_gКонстантин Владимирович
_4340
801 0 _aRU
_bNLR
_gpsbo
801 1 _aRU
_bELAR
_2rusmarc
852 _aNLR
_jП7/415
942 _cBOOK
980 _aNB